101 Ways You Can Use Scriptures In Evangelism/ (Record no. 3525)
[ view plain ]
| 000 -LEADER | |
|---|---|
| fixed length control field | 00455nam a22001697a 4500 |
| 003 - CONTROL NUMBER IDENTIFIER | |
| control field | OSt |
| 005 - DATE AND TIME OF LATEST TRANSACTION | |
| control field | 20181113195452.0 |
| 008 - FIXED-LENGTH DATA ELEMENTS--GENERAL INFORMATION | |
| fixed length control field | 181113b ||||| |||| 00| 0 eng d |
| 040 ## - CATALOGING SOURCE | |
| Language of cataloging | DLC |
| Transcribing agency | DLC |
| 082 ## - DEWEY DECIMAL CLASSIFICATION NUMBER | |
| Classification number | 243 |
| Item number | B963H |
| 100 ## - MAIN ENTRY--PERSONAL NAME | |
| Personal name | Barnard, Richard Kevin |
| 245 ## - TITLE STATEMENT | |
| Title | 101 Ways You Can Use Scriptures In Evangelism/ |
| 260 ## - PUBLICATION, DISTRIBUTION, ETC. | |
| Place of publication, distribution, etc. | EAst Brunswick |
| Name of publisher, distributor, etc. | International Bible Society |
| Date of publication, distribution, etc. | c1988 |
| 300 ## - PHYSICAL DESCRIPTION | |
| Extent | 59p.; |
| Dimensions | 15cm |
| 650 ## - SUBJECT ADDED ENTRY--TOPICAL TERM | |
| Source of heading or term | Christian Life |
| 942 ## - ADDED ENTRY ELEMENTS (KOHA) | |
| Source of classification or shelving scheme | Dewey Decimal Classification |
| Koha item type | Books |
| Withdrawn status | Lost status | Source of classification or shelving scheme | Damaged status | Not for loan | Collection code | Home library | Current library | Shelving location | Date acquired | Cost, normal purchase price | Total Checkouts | Full call number | Barcode | Date last seen | Price effective from | Koha item type |
|---|---|---|---|---|---|---|---|---|---|---|---|---|---|---|---|---|
| Dewey Decimal Classification | Non-fiction | Harvest Mission College | Harvest Mission College | General Stacks | 13.11.2018 | 60.00 | 243 B963H | 004083 | 13.11.2018 | 13.11.2018 | Books |
